| 000 | 00460cam a22001457a 4500 | ||
|---|---|---|---|
| 999 |
_c508166 _d508166 |
||
| 008 | 180718b-- xxu||||| |||| 00| 0 eng d | ||
| 082 | _aA8x5464 B/1988 | ||
| 100 |
_aTripura. Directorate of Statistics _93283 |
||
| 245 | _aSome basic statistics of Tripura 1988-1992 | ||
| 260 |
_aAgartala _bGovernment pf Tripura |
||
| 300 | _av.p. | ||
| 500 | _aLibrary has 1988, 1989, 1990, 1991, 1992, 1993, 1995-1996 | ||
| 650 |
_aTripura - Statistics _93284 |
||
| 942 | _2ddc | ||